|
|
|
|
| LEADER |
00000cam a2200000 7i4500 |
| 001 |
0000000631 |
| 005 |
20000914.0 |
| 020 |
0 |
0 |
|a 9677002147
|
| 090 |
0 |
0 |
|a 342.5950872
|b MAL 1995
|
| 110 |
1 |
0 |
|a MALAYSIA
|
| 245 |
1 |
0 |
|a Akta Orang Asli :
|b semua pindaan hingga Jun, 1994 .
|l Aboriginal People :
|b all amendments up to January, 1995 (Akta/Act 134); compiled byMDC Legal Advisers
|
| 260 |
0 |
0 |
|a Kuala Lumpur :
|b MDC Publishers Printers ,
|c 1994
|
| 300 |
|
|
|a ii, 23 P. ;
|c 25 cm.
|
| 440 |
0 |
0 |
|a Undang-undang Malaysia
|
| 650 |
0 |
0 |
|a Indigenous people
|x Legal status, law, etc
|z Malaysia
|
| 999 |
|
|
|a 0000000559
|b Monograph
|c Open Shelf
|e Default branch
|